000 00433nam a2200169Ia 4500
008 240729s9999 xx 000 0 und d
022 _a1993-078X
245 0 _aComparative Cytogenetics
260 _aBulgaria
260 _bPensoft Publishers
650 _a Biology (General)
650 _a Genetics
650 _aScience
856 _uhttps://doaj.org/toc/f2e97d6da7df4ab4a38ff8a0b21acb64
942 _2ddc
942 _cDOAJEJ
999 _c73683
_d73683
945 _a1
_bMadushi Gamage
_c1
_dMadushi Gamage